00601nam a2200205 a 450000100060000000300080000600500170001400800410003102000150007203500190008704000260010604100080013208200240014024500570016426000430022130000250026450400500028960000370033970000190037654794BD-RjUL20211209080153.0161110s1968 enk 000 0 eng d a0710062435 a(BD-RjUL)54916 aBD-RjULbengcBD-RjUL aeng a823.7223bCRI 196800aCritical essays on Emma Jane Austen /cB. C. Southam aLondon :bRoutledge & K. Paul, c1968. axvi, 206 p. ;c21 cm aIncludes Bibliographical References and Index10aAusten, Jane,d1775-1817.tEmma. aSoutham, B. C.